| 000 | 00000nam##2200000za#4500 |
| 001 | 9.647766 |
| 003 | CaOODSP |
| 005 | 20210615112748 |
| 007 | ta |
| 008 | 150407|2001||||xxc||||| f|0| 0 eng|d |
| 020 | |a0-662-29023-2 |
| 040 | |aCaOODSP|beng |
| 043 | |an-cn--- |
| 086 | 1 |aH49-140/2001E |
| 110 | 1 |aCanada.|bHealth Canada. |bPopulation and Public Health Branch. |
| 245 | 12|aA conceptual and epidemiological framework for child maltreatment surveillance / |cprepared by David A. Wolfe and Lilian Yuan. |
| 260 | |aOttawa - Ontario : |bHealth Canada. |c2001. |
| 300 | |avi, 79p. : |breferences ; |c28 cm. |
| 563 | |aSpiral binding |
| 590 | |a02-01|b2002-01-04 |
| 690 | 07|aViolence against children|2gcpds |
| 690 | 07|aEpidemiology|2gcpds |
| 720 | 1 |aWolfe, David A. |
| 720 | 1 |aYuan, Lilian |
| 775 | 08|tUn cadre conceptuel et épidémiologique pour la surveillance de l'enfance maltraitée / |w(CaOODSP)9.681147 |
| 776 | 0#|tA conceptual and epidemiological framework for child maltreatment surveillance / |w(CaOODSP)9.695425 |